000 00661nam a2200217Ii 4500
003 JO-AjNU
008 230605s9999||||xx |||||||||||||| ||und||
017 _a2009/8/3593
040 _aJO-AjNU
_bara
_erda
_cJO-AjNU
041 _aara
050 1 4 _aPJ7860.A566.T3 2009
100 3 _aتأليف الرشيد، حسام,
_eauthor
_949018
245 0 0 _aالتميمة السوداء: رواية
250 _aط1
264 3 1 _aعمان:دار الكندي،2009
300 _a141ص
336 _atext
_btxt
_2rdacontent
337 _aunmediated
_bn
_2rdamedia
338 _avolume
_bnc
_2rdacarrier
650 4 _aالأدب العربي - روايات
_949019
999 _aA21504
_c25072
_d25072